00242nam a2200085Ia 450000500170000000800410001724500710005826000100012999900170013920250523150955.0250523s9999 xx 000 0 und d 0aEce Yüce/Çok Gülünç Bir Şey OlducGülten Dayıoğlu bALTIN c11943d11943